Atlas of human body (Record no. 6568)
[ view plain ]
| 000 -LEADER | |
|---|---|
| fixed length control field | 00798 a2200241 4500 |
| 005 - DATE AND TIME OF LATEST TRANSACTION | |
| control field | 2008082900120.0 |
| 008 - FIXED-LENGTH DATA ELEMENTS--GENERAL INFORMATION | |
| fixed length control field | 080829t xxu||||| |||| 00| 0 eng d |
| 010 ## - LIBRARY OF CONGRESS CONTROL NUMBER | |
| LC control number | ENG-87440 |
| 020 ## - INTERNATIONAL STANDARD BOOK NUMBER | |
| International Standard Book Number | 8178793342 |
| Terms of availability | 595.00 |
| 035 ## - SYSTEM CONTROL NUMBER | |
| System control number | EN-70973 |
| 037 ## - SOURCE OF ACQUISITION | |
| Source of stock number/acquisition | DBAD / PUB |
| 082 ## - DEWEY DECIMAL CLASSIFICATION NUMBER | |
| Classification number | 611 |
| 100 ## - MAIN ENTRY--PERSONAL NAME | |
| Personal name | Jain, Rita |
| 245 ## - TITLE STATEMENT | |
| Title | Atlas of human body |
| Remainder of title | by Rita Jain |
| 260 ## - PUBLICATION, DISTRIBUTION, ETC. (IMPRINT) | |
| Place of publication, distribution, etc | New Delhi |
| Name of publisher, distributor, etc | Sports Publications |
| Date of publication, distribution, etc | 2006 |
| 270 ## - ADDRESS | |
| Address | 7/26, Ground floor, Ansari Road, Darya Ganj |
| City | New Delhi |
| Postal code | 110 002 |
| 300 ## - PHYSICAL DESCRIPTION | |
| Extent | v, 255 p. |
| Dimensions | 22 cm ( Hb.) |
| 700 ## - ADDED ENTRY--PERSONAL NAME | |
| Personal name | Jain, Rita |
| 700 ## - ADDED ENTRY--PERSONAL NAME | |
| Personal name | Dhingra, Neeraj |
| 700 ## - ADDED ENTRY--PERSONAL NAME | |
| Personal name | Dhingra, Meenu |
| 942 ## - ADDED ENTRY ELEMENTS (KOHA) | |
| Institution code [OBSOLETE] | dpl |
| Koha item type | English Books |
| Call number prefix | 611/JAI |
| Source of classification or shelving scheme | Dewey Decimal Classification |
| Classification part | 611 |
| Call number suffix | JAI |
| Withdrawn status | Lost status | Damaged status | Not for loan | Home library | Current library | Date acquired | Cost, normal purchase price | Total Checkouts | Full call number | Barcode | Date last seen | Copy number | Uniform Resource Identifier | Cost, replacement price | Price effective from | Koha item type |
|---|---|---|---|---|---|---|---|---|---|---|---|---|---|---|---|---|
| D.B.Act.Division | D.B.Act.Division | 29/08/2008 | 595.00 | 611 JAI | EN-70973 | 15/09/2008 | 1 | 7062 | 595.00 | 15/09/2008 | English Books |
